000 00362cam a2200157ua 4500
041 _aeng
_h
082 _a823.308
_bTHA/VA
100 _aThackeray, W M .
245 _aVanity fair /
_cW M Thackeray.
_hTextual Documents
250 _a1 /
_b.
260 _aLondon :
_bCollins ,
_c1963.
300 _a640 ; .
504 _a
942 _cBK
999 _c7627
_d7627